00801nam a22002057a 4500999001900000005001700019010001500036020002700051035001400078037001300092082001100105100002000116245008000136260004000216270010900256300002500365500005000390942002500440952013000465 c166349d16634920190722123834.0 aENG-126027 a9788178441931c1495.00 aEN-109559 bDBAD/PUB a302.23 aDibyanshu Kumar aTechnological innovations in media and communications /cby Dibyanshu Kumar aNew DelhibR.K. Pulblicationsc2018 a4806/24, Bharat Ram Road, Darya GanjbNew Delhie110002k011-23285167, 65185557minfo@kkpublications.com aviii,288p.c25cm(Hb) aIncludes bibliographical references and index 2ddccENh302.23mDIB 001040708NFICaAGbAGd2019-07-22eDBAD/PUBg1495.00l0o302.23 DIBpEN-109559r2019-07-22 00:00:00tDBAD/PUBv1495.00yEN